LEADER 01296nam a2200313 a 4500 001 000000146211 003 CaOOAMICUS 005 20151002143545.0 008 151002s2010 it u000 u ita r 020 $a978-88-06-20390-0 040 $aPUL$bita 041 1 $aita$hfre 082 04$a180 100 1 $aHadot, Pierre,$d1922-2010.$0(OLS)http://pul/name/11446 240 10$aQu'est-ce la philosophie antique?$lItaliano.$0(OLS)http://pul/title/184847 245 10$aChe cos'č la filosofia antica? /$cPierre Hadot. 260 $aTorino :$bEinaudi,$c©2010. 300 $aVII, 302 p. ;$c21 cm 490 1 $aPiccola biblioteca Einaudi. Nuova serie Filosofia ;$v490 650 4$aFilosofia antica.$0(OLS)http://pul/subject/205 830 0$aPiccola biblioteca Einaudi.$pNuova serie$pFilosofia ;$v490.$0(OLS)http://pul/title/142964 850 $aPUL 852 $aPUL$W1$xSL Filosofia 3$y81$m180 HADPI 2$j169092$qDDC 21$B169875$CPULBib$Z2$F169875 $H126273 $82 941 1 $a9 996 $6020$a978-88-06-20390-0$9(OLS)http://pul/number/158792 996 $6082$a180$9(OLS)http://pul/classification/366 996 $6245$aChe cos'č la filosofia antica?$9(OLS)http://pul/title/184848 996 $6260$aTorino :$bEinaudi$9(OLS)http://pul/publisher/48130 LEADER 01509nam a2200337 a 4500 001 000000171542 003 CaOOAMICUS 005 20190306174345.0 008 190306s2018 vc u001 u ita r 020 $a978-88-465-1250-5* 032 $aLibriCat 040 $aPUL$bita 082 04$a220 100 1 $aFranzan, Giuliano.$0(OLS)http://pul/name/110162 245 10$aGiobbe: $bil mistero della malattia e della sofferenza. Psicologia e Bibbia in dialogo /$cGiuliano Franzan, Giulia Ciclamini. 260 $aCittą del Vaticano :$bLateran University Press,$c©2018. 300 $a59 p. ;$c21 cm 490 1 $aVivae voces ;$v50 502 $aBibliografia in nota 630 04$aBiblia$xTemi laici.$0(OLS)http://pul/subject/36826 650 4$aMalattie$xAspetti morali e religiosi.$0(OLS)http://pul/subject/13246 700 1 $aCiclamini, Giulia.$0(OLS)http://pul/name/110163 830 0$aVivae voces ;$v50.$0(OLS)http://pul/title/165512 850 $aPUL 852 $aPUL$W1$xSL Religione 3$y85$m230 COLL 7.50$j195312$qDDC 21$B200192$CPULBib$Z2$F200192 $H132352 $82 941 1 $a9 996 $6020$a978-88-465-1250-5*$9(OLS)http://pul/number/165779 996 $6082$a220$9(OLS)http://pul/classification/523 996 $6245$aGiobbe: $bil mistero della malattia e della sofferenza. Psicologia e Bibbia in dialogo$9(OLS)http://pul/title/212348 996 $6260$aCittą del Vaticano :$bLateran University Press$9(OLS)http://pul/publisher/74585